1427 1051 1533 1374 1195 1360 1254 1299 1084 1769 1118 1702 1089 1461 1058 1464 1880 1084 1569 1440 1686 1595 1237 1746 1333 1744 1138 1939 1274 1196 1232 1818 1175 1525 1361 1508 1766 1987 1996 1325 1246 1781 1516 1612 1117 1122 1468 1462 1843 1387 1954 1250 1997 1723 1969 1321 1118 1599 1821 1424 1018 1288 1488 1129 1738 1535 1411 1410 1021 1399 1180 1204 1823 1933 1013 1581 1903 1519 1619 1721 1165 1047 1040 1984 1589 1050 1103 1068 1057 1568 1356 1103 1017 1650 1270 1994 1627 1011 1497 BCNSPRNW ULIB Ver.6.0+V

เปลี่ยนเป็นภาษาไทย

Change to English
 แสดงรายละเอียดบรรณานุกรม
  กลับหน้าหลัก

Brief Record : Get Marc (ISO 2709) : E-mail record : QR code < ปิดหน้าต่าง
LEADER : 00000nam 2200000uu 4500
001    13399126836
003     ULIB
008    190508s2559||||th 000 0 tha d
020    ^a9786164137950
050  4 ^aLC315.T5^bอ911ก
100 0  ^aเอมอัชฌา วัฒนบุรานนท์
245 10 ^aการวิจัยพัฒนาโมเดลเลิฟเพื่อสร้างเสริมความเป็นมนุษย์ที่สมบูรณ์ :^bชุดโครงการวิจัยสำหรับนิสิตระดับอุดมศึกษา = Development researchof LOVE MODEL for enhancing comprehensive humanization : aresearch program for higher education students /^cเอมอัชฌาวัฒนบุรานนท์
246 31 ^aDevelopment research of LOVE MODEL for enhancingcomprehensive humanization :^ba research program forhigher education students
260    ^aกรุงเทพฯ :^bคณะครุศาสตร์ จุฬาลงกรณ์มหาวิทยาลัย,^c2559
300    ^aก-ผ, 422 หน้า :^bภาพประกอบ ;^c26 ซม.
650  0 ^aSelf-esteem
650  0 ^aContemplative education
650  0 ^aSex instruction for teenagers
650  0 ^aThanatology
650  4 ^aความนับถือตนเอง
650  4 ^aจิตตปัญญาศึกษา
650  4 ^aเพศศึกษาสำหรับวัยรุ่น
650  4 ^aมรณวิทยา
650  4 ^aวิจัย
653    ^aโมเดลเลิฟ
710 2  ^aจุฬาลงกรณ์มหาวิทยาลัย.^bคณะครุศาสตร์
945    ^p400^l0^i005497
945    ^p400^l0^i005496
999    ^aอังศุธร กาญจนาโรจน์พันธ์
รายการนี้ยังไม่มีแท็ก
คุณยังไม่ได้ล็อกอิน คุณสามารถมีกิจกรรมร่วมกับเว็บไซต์ได้ แต่ต้องล็อกอินก่อน ::
  ล็อกอิน

รายการสื่อสารสนเทศ

ลำดับที่ ประเภท เลขเรียก/บาร์โค้ด สถานที่ สถานะ
1. การศึกษาทั่วไป
หนังสือสำรอง
สถานะ=หนังสือสำรอง
LC315.T5 อ911ก ฉ.1 
  Barcode: 005496
ห้องสมุดวิทยาเขตสวรรค์ประชารักษ์
►หนังสือทั่วไป
บนชั้น
Note:บริจาค
2. การศึกษาทั่วไป
การศึกษาทั่วไป
LC315.T5 อ911ก ฉ.2 
  Barcode: 005497
ห้องสมุดวิทยาเขตสวรรค์ประชารักษ์
►หนังสือทั่วไป
บนชั้น
Note:บริจาค

รายการใกล้เคียง
    ผู้แต่ง [เอมอัชฌา วัฒนบุรานนท์]

    หัวเรื่อง [ความนับถือตนเอง]
    หัวเรื่อง [จิตตปัญญาศึกษา]
    หัวเรื่อง [เพศศึกษาสำหรับวัยรุ่น]
    หัวเรื่อง [วิจัย]

BibComment


ยังไม่เคยถูกคอมเมนท์

คอมเมนท์ทรัพยากรรายการนี้
  คอมเมนท์: การวิจัยพัฒนาโมเ..


 Copyright 2026. Bcnsprnw @Library